Materials and design : (Record no. 19252)

MARC details
000 -LEADER
fixed length control field 00974cam a2200277 a 4500
001 - CONTROL NUMBER
control field 18238485
005 - DATE AND TIME OF LATEST TRANSACTION
control field 20201128021235.0
008 - FIXED-LENGTH DATA ELEMENTS--GENERAL INFORMATION
fixed length control field 140723t2014 enka frb 001 0 eng d
020 ## - INTERNATIONAL STANDARD BOOK NUMBER
International Standard Book Number 9780080982052
040 ## - CATALOGING SOURCE
Original cataloging agency CDX
Language of cataloging eng
Transcribing agency CDX
Modifying agency OCLCQ
-- YDXCP
-- LTSCA
-- UKMGB
-- FER
-- DLC
-- EG-ScBUE
082 04 - DEWEY DECIMAL CLASSIFICATION NUMBER
Classification number 620.11
Item number ASH
Edition number 22
100 1# - MAIN ENTRY--PERSONAL NAME
Personal name Ashby, M. F.
9 (RLIN) 11151
245 10 - TITLE STATEMENT
Title Materials and design :
Remainder of title the art and science of material selection in product design /
Statement of responsibility, etc Mike Ashby, Kara Johnson.
250 ## - EDITION STATEMENT
Edition statement 3rd ed.
260 ## - PUBLICATION, DISTRIBUTION, ETC. (IMPRINT)
Place of publication, distribution, etc Oxford ;
-- Massachusetts :
Name of publisher, distributor, etc Butterworth-Heinemann / Elsevier,
Date of publication, distribution, etc c.2014.
300 ## - PHYSICAL DESCRIPTION
Extent 389 p. :
Other physical details ill. (some col.) ;
Dimensions 25 cm.
500 ## - GENERAL NOTE
General note Index : p. 382-389.
504 ## - BIBLIOGRAPHY, ETC. NOTE
Bibliography, etc Includes bibliographical references.
650 #7 - SUBJECT ADDED ENTRY--TOPICAL TERM
Topical term or geographic name as entry element Materials.
Source of heading or term BUEsh
9 (RLIN) 1256
650 #7 - SUBJECT ADDED ENTRY--TOPICAL TERM
Topical term or geographic name as entry element Industrial design.
Source of heading or term BUEsh
9 (RLIN) 11153
651 ## - SUBJECT ADDED ENTRY--GEOGRAPHIC NAME
Source of heading or term BUEsh
653 ## - INDEX TERM--UNCONTROLLED
Resource For college Communication and mass media
-- Engineering, General
Arrived date list April2015
655 ## - INDEX TERM--GENRE/FORM
Form subdivision
-- 34232
700 1# - ADDED ENTRY--PERSONAL NAME
Personal name Johnson, Kara.
9 (RLIN) 11154
942 ## - ADDED ENTRY ELEMENTS (KOHA)
Source of classification or shelving scheme Dewey Decimal Classification
Call number prefix 620.11 ASH
Holdings
Withdrawn status Item status Source of classification or shelving scheme Damaged status Not for loan Vendor Home library Current library Shelving location Date acquired Source of acquisition Cost, normal purchase price Serial Enumeration / chronology Total Checkouts Total Renewals Full call number Barcode Date last seen Date last borrowed Cost, replacement price Koha item type
    Dewey Decimal Classification     Alahram Central Library Central Library First floor 30/04/2015   470.00 436 1 8 620.11 ASH 000038107 15/07/2025 27/09/2021 587.50 Book - Borrowing